| 000 | 02337nam a2200373 a 4500 | ||
|---|---|---|---|
| 001 | ebr10369988 | ||
| 003 | CaPaEBR | ||
| 006 | m u | ||
| 007 | cr cn||||||||| | ||
| 008 | 071118s2008 mnu sb 000 0 eng | ||
| 010 | _z 2007046352 | ||
| 020 | _z9780977861774 (acid-free paper) | ||
| 040 |
_aCaPaEBR _cCaPaEBR |
||
| 035 | _a(OCoLC)712062148 | ||
| 050 | 1 | 4 |
_aZ716.4 _b.Q47 2008eb |
| 082 | 0 | 4 |
_a021.2 _222 |
| 245 | 0 | 0 |
_aQuestioning library neutrality _h[electronic resource] : _bessays from Progressive librarian / _cedited by Alison Lewis. |
| 260 |
_aDuluth, Minn. : _bLibrary Juice Press, _c2008. |
||
| 300 | _a149 p. | ||
| 504 | _aIncludes bibliographical references. | ||
| 505 | 0 | _aIntroduction / by Alison Lewis -- Politics and anti-politics in librarianship / by Mark Rosenzweig -- Corporate inroads in librarianship : the fight for the soul of the profession in the new millenium / by Peter Mcdonald -- Librarianship and resistance / by Sandy Iverson -- A few gates redux : an examination of the social responsibilities debate in the early 1970s and 1990s / by Steven Joyce -- Activist librarianship : heritage or heresy? / by Ann Sparanese -- The myth of the neutral professional / by Robert Jensen -- Information criticism : where is it? / by Jack Andersen -- Towards self-reflection in librarianship : what is praxis? / by John J. Doherty -- The professional is political : redefining the social role of public libraries / by Shiraz Durrani and Elizabeth Smallwood -- The hottest place in hell : the crisis of neutrality in contemporary librarianship / by Joseph Good. | |
| 533 |
_aElectronic reproduction. _bPalo Alto, Calif. : _cebrary, _d2013. _nAvailable via World Wide Web. _nAccess may be limited to ebrary affiliated libraries. |
||
| 650 | 0 | _aLibraries and society. | |
| 650 | 0 |
_aLibrary science _xPolitical aspects. |
|
| 650 | 0 |
_aLibrary science _xSocial aspects. |
|
| 650 | 0 |
_aLibrary science _xMoral and ethical aspects. |
|
| 650 | 0 |
_aLibrarians _xProfessional ethics. |
|
| 650 | 0 |
_aLibraries _xCensorship. |
|
| 655 | 7 |
_aElectronic books. _2local |
|
| 700 | 1 |
_aLewis, Alison M., _d1959- |
|
| 710 | 2 | _aebrary, Inc. | |
| 730 | 0 | _aProgressive librarian. | |
| 856 | 4 | 0 |
_uhttp://site.ebrary.com/lib/rucke/Doc?id=10369988 _zAn electronic book accessible through the World Wide Web; click to view |
| 999 |
_c110219 _d110219 |
||